000 00306nam a2200121Ia 4500
005 20251222152005.0
008 251222s9999||||xx |||||||||||||| ||spa||
082 _a017.185/M61
245 0 _aAnálisis del riesgo en procesos de desarrollo e inversión
250 _a1ra.ed.
264 _bUCSS
942 _cLIB
999 _c24702
_d24702